000 01113nam0a2200289 4500
001 RU\NLR\bibl\898012
005 20250614174934.0
010 _a5-88010-214-9
_93000
021 _aRU
_b2005-80814
_93994
035 _a(NLR Aleph) 000886466
090 _a1691429
_c1691429
100 _a20060119d2005 |||y0rusy50 ca
101 1 _arus
_cund
102 _aRU
105 _aa |||||||||
200 1 _aВооружен и опасен
_eот подпольной борьбы к свободе
_fРонни Касрилс
_g[пер.: Тетекин Вячеслав Николаевич, Тетекин Николай Николаевич]
210 _aМосква
_cИТРК
_d2005
215 _a407 с.
_cил.
_d22
601 0 2 _aАфриканский национальный конгресс
_cЮАР
_xИстория
_z1960 - 1990-ые гг.
_92414384
_3RU\NLR\auth\661438273
686 _aФ69(6Юж),013
686 _aТ3(6Юж)63-4,013
700 1 _aКасрилс
_bР.
_gРонни
_4070
801 0 _aRU
_bNLR
_c20060119
_grcr
801 1 _aRU
_bNLR
_c20060119
942 _cBOOK
980 _aNB